000 01829 a2200385 4500
003 Nust
005 20170207171639.0
020 _a0-387-94293-9 (New York)
020 _a1461264421 (paperback)
020 _a3-540-94293-9 (Berlin)
020 _a9780387942933 (Hardcover)
020 _a9781461264422 (paperback)
040 _cNust
082 0 4 _a512.7
100 1 _aKoblitz, Neal,
245 1 2 _aA course in number theory and cryptography (E-BOOK)
_cNeal Koblitz
250 _a2. ed
260 _aNew York ;
_aBerlin :
_bSpringer,
_ccop. 1994
300 _ax, 235 s. :
_bill.
490 1 _aGraduate texts in mathematics,
_x0072-5285 ;
_v114
505 1 _aSome Topics in Elementary Number Theory -- Finite Fields and Quadratic Residues Cryptography -- Public Key -- Primality and Factoring -- Elliptic Curves
520 _aThis is a substantially revised and updated introduction to arithmetic topics, both ancient and modern, that have been at the centre of interest in applications of number theory, particularly in cryptography. As such, no background in algebra or number theory is assumed, and the book begins with a discussion of the basic number theory that is needed. The approach taken is algorithmic, emphasising estimates of the efficiency of the techniques that arise from the theory, and one special feature is the inclusion of recent applications of the theory of elliptic curves. Extensive exercises and careful answers are an integral part all of the chapters.
650 0 _aCryptography
650 0 _aCryptography
650 0 _aCryptography
650 0 _aKryptografi
650 0 _aKryptologi
650 0 _aNumber theory
650 0 _aNumber theory
650 0 _aNumber theory
650 0 _aTalteori
650 0 _aTalteori
651 _aE-BOOK
830 0 _aGraduate texts in mathematics,
942 _2ddc
_cBK
999 _c218060
_d218060